000 00447nam a2200145Ia 4500
008 220217s9999||||xx |||||||||||||| ||und||
020 _a9788126562176
082 _a005.73 GOO
100 _aGoodrich, Michael., Tamassia, Roberto and Goldwasser, Michae
_910075
245 0 _aData strustures and algorithms in python
250 _a1
260 _aWiley india
_bNew Delhi
_c2017
300 _aXIX, 748p.
_b519
650 _aPROGRAMMING LANGUAGE
999 _c188108
_d188108